[Event "IND-ch U19 Girls 25th"]
[Site "Puri"]
[Date "2010.10.04"]
[Round "6"]
[White "Padmini, Rout"]
[Black "Pon, Namasivayam Krithik"]
[Result "1/2-1/2"]
[WhiteElo "2326"]
[BlackElo "2092"]
[PlyCount "56"]
[EventDate "2010.10.01"]
[EventType "tourn"]
[EventRounds "11"]
[EventCountry "IND"]
[SourceTitle "CBM 138 Extra"]
[Source "ChessBase"]
[SourceDate "2010.10.29"]
[SourceVersion "1"]
[SourceVersionDate "2010.10.29"]
[SourceQuality "1"]

1. e4 Nf6 2. e5 Nd5 3. d4 d6 4. Nf3 Bg4 5. Be2 Nc6 6. exd6 cxd6 7. 0-0 g6 8. h3 Bxf3 9. Bxf3 Nb6 10. Re1 d5 11. a4 Bg7 12. a5 Nc8 13. Nc3 0-0 14. a6 Nb6 15. Be3 bxa6 16. Rxa6 e6 17. Na4 Rb8 18. Nxb6 Rxb6 19. Ra2 Qb8 20. b3 Rb4 21. c4 Rd8 22. Ra3 Nxd4 23. cxd5 exd5 24. Bxd4 Rxd4 25. Qe2 Bf8 26. Raa1 Rb4 27. Ra5 Rd4 28. Rea1 Rd7 1/2-1/2

[Event "IND-ch U19 Girls 25th"]
[Site "Puri"]
[Date "2010.10.03"]
[Round "4"]
[White "Sunyasakta, Satpathy"]
[Black "Pon, Namasivayam Krithik"]
[Result "0-1"]
[WhiteElo "1899"]
[BlackElo "2092"]
[PlyCount "72"]
[EventDate "2010.10.01"]
[EventType "tourn"]
[EventRounds "11"]
[EventCountry "IND"]
[SourceTitle "CBM 138 Extra"]
[Source "ChessBase"]
[SourceDate "2010.10.29"]
[SourceVersion "1"]
[SourceVersionDate "2010.10.29"]
[SourceQuality "1"]

1. e4 Nf6 2. e5 Nd5 3. d4 d6 4. c4 Nb6 5. exd6 cxd6 6. Nc3 g6 7. h3 Bg7 8. Nf3 0-0 9. Be2 e5 10. Be3 Nc6 11. 0-0 Re8 12. Rc1 e4 13. Ne1 d5 14. c5 Nd7 15. Nxd5 Nf8 16. Bc4 Be6 17. Nf4 Nxd4 18. Nxe6 Nfxe6 19. Nc2 Nf5 20. b4 Qc7 21. Qe2 Be5 22. Rcd1 Nf4 23. Bxf4 Bxf4 24. Nd4 Nxd4 25. Rxd4 e3 26. Rxf4 Qxf4 27. fxe3 Qxe3+ 28. Qxe3 Rxe3 29. Rxf7 Rc3 30. Bb3 Rxb3 31. Rxb7 Rb1+ 32. Kh2 Rc8 33. a3 Rxc5 34. Rxa7 Rc3 35. Ra8+ Kg7 36. Ra7+ Kh6 0-1

[Event "IND-ch U19 Girls 25th"]
[Site "Puri"]
[Date "2010.10.02"]
[Round "3"]
[White "Pon, Namasivayam Krithik"]
[Black "Manasa, K."]
[Result "1/2-1/2"]
[WhiteElo "2092"]
[BlackElo "1967"]
[PlyCount "213"]
[EventDate "2010.10.01"]
[EventType "tourn"]
[EventRounds "11"]
[EventCountry "IND"]
[SourceTitle "CBM 138 Extra"]
[Source "ChessBase"]
[SourceDate "2010.10.29"]
[SourceVersion "1"]
[SourceVersionDate "2010.10.29"]
[SourceQuality "1"]

1. e4 g6 2. d4 Bg7 3. Nc3 d6 4. Be3 c6 5. f4 Nf6 6. h3 Qa5 7. Bd3 b5 8. Nf3 Bb7 9. 0-0 b4 10. Nb1 c5 11. Nbd2 cxd4 12. Nxd4 0-0 13. N4f3 Nbd7 14. Qe1 Nc5 15. Bf2 Nh5 16. Be3 Nf6 17. Nb3 Qc7 18. Nxc5 dxc5 19. Nd2 Nd7 20. e5 Nb6 21. Qf2 Rac8 22. Nc4 Nd5 23. Bd2 f6 24. exf6 Bxf6 25. Kh1 Bd4 26. Qg3 Nf6 27. Rae1 Nh5 28. Qg4 Rce8 29. Ne5 Bc8 30. Qh4 Kg7 31. c3 Bxe5 32. Rxe5 Qd6 33. Rf3 Nf6 34. Bc1 Bb7 35. Rg3 c4 36. Bc2 bxc3 37. bxc3 Be4 38. Bxe4 Nxe4 39. Re3 Nf6 40. Re6 Qd7 41. Re1 Nd5 42. Qf2 Rf6 43. Qd4 Kf7 44. R6e5 Nb6 45. Qf2 Rf5 46. Qh4 h5 47. Be3 Nd5 48. Bd4 Nxf4 49. Rf1 g5 50. Qg3 Rg8 51. Qe3 e6 52. Kh2 Qc6 53. Rf2 h4 54. Rxf5+ exf5 55. Be5 Re8 56. Qd4 Qd5 57. Qxd5+ Nxd5 58. Bd4 Kg6 59. Bxa7 Nxc3 60. Rc2 Ra8 61. Bg1 Nd5 62. Rxc4 Rxa2 63. Rc6+ Kh5 64. Bd4 Nf4 65. Bg7 g4 66. hxg4+ fxg4 67. Rh6+ Kg5 68. Rb6 Rxg2+ 69. Kh1 Rf2 70. Bh6+ Kf5 71. Rb5+ Ke4 72. Rb4+ Ke5 73. Rb5+ Nd5 74. Bg7+ Ke4 75. Rb8 Rf1+ 76. Kh2 g3+ 77. Kh3 Rh1+ 78. Kg2 Rh2+ 79. Kg1 h3 80. Re8+ Kf3 81. Rf8+ Nf4 82. Bh6 Rg2+ 83. Kh1 Rb2 84. Rxf4+ Ke2 85. Rc4 Rb1+ 86. Bc1 Kf2 87. Rc2+ Kf1 88. Be3 Re1 89. Bg1 Re7 90. Rc1+ Ke2 91. Rc3 Rg7 92. Re3+ Kf1 93. Rf3+ Ke2 94. Rf8 Rh7 95. Re8+ Kf3 96. Rf8+ Kg4 97. Rg8+ Kh4 98. Ra8 Rf7 99. Rh8+ Kg4 100. Rg8+ Kf3 101. Re8 h2 102. Bxh2 Rh7 103. Rf8+ Ke4 104. Re8+ Kf5 105. Rf8+ Ke6 106. Kg2 gxh2 107. Rf1 1/2-1/2

[Event "New Delhi Parsvnath op 8th"]
[Site "New Delhi"]
[Date "2010.01.20"]
[Round "9"]
[White "Pon, Namasivayam Krithik"]
[Black "Thakur, Akash"]
[Result "0-1"]
[WhiteElo "2186"]
[BlackElo "2331"]
[PlyCount "62"]
[EventDate "2010.01.14"]
[EventType "swiss"]
[EventRounds "11"]
[EventCountry "IND"]
[SourceTitle "CBM 134 Extra"]
[Source "ChessBase"]
[SourceDate "2010.03.03"]
[SourceVersion "1"]
[SourceVersionDate "2010.03.03"]
[SourceQuality "1"]

1. e4 e5 2. Nf3 Nc6 3. Bb5 a6 4. Ba4 Nf6 5. d4 exd4 6. e5 Ne4 7. 0-0 Be7 8. Re1 Nc5 9. Bxc6 dxc6 10. Nxd4 0-0 11. Be3 f5 12. f4 Ne6 13. Nf3 b6 14. Qe2 Bb7 15. Nc3 Qe8 16. Rad1 Qf7 17. h4 Rad8 18. Ng5 Nxg5 19. hxg5 c5 20. Rxd8 Rxd8 21. Rd1 Rxd1+ 22. Qxd1 Qe6 23. a4 c4 24. Qe2 Qc6 25. Bd4 Qe6 26. Be3 g6 27. Kf1 Qc6 28. Bd4 Kf7 29. Ke1 Bb4 30. g4 fxg4 31. Qxg4 Qe4+ 0-1